| 000 | 00616nam a22001697a 4500 | ||
|---|---|---|---|
| 999 |
_c21108 _d21108 |
||
| 003 | AR-CdUCM | ||
| 008 | 191019b ||||| |||| 00| 0 spa d | ||
| 040 |
_aMUNICIPALIDAD PROVINCIAL DEL CUSCO _cBIBLIOTECA MUNICIPAL DEL CUSCO |
||
| 082 |
_a985.009 / _bW19 |
||
| 100 |
_aWaldo Emerson, Ralp _943999 |
||
| 245 | _ahistoria y política / | ||
| 260 |
_aBarcelona : _bMinerva, |
||
| 300 | _a220 páginas ; | ||
| 505 | _aContenido : Historia -- Política -- Leyes del espíritu -- Confianza en si mismo -- Compensación -- El alma suprema -- Círculos. | ||
| 700 |
_aValenti Camp, Santiago _944000 |
||
| 942 |
_2ddc _cLIBROS |
||